Marketing communications (Record no. 4580)

MARC details
000 -CABECERA
campo de control de longitud fija 02354cam a2200289 i 4500
001 - NÚMERO DE CONTROL
campo de control 22496660
005 - FECHA Y HORA DE LA ÚLTIMA TRANSACCIÓN
campo de control 20251010083132.0
008 - DATOS DE LONGITUD FIJA--INFORMACIÓN GENERAL
campo de control de longitud fija 220406s2023 caua b 001 0 eng
010 ## - NÚMERO DE CONTROL DE LA BIBLIOTECA DEL CONGRESO
Número de control de LC 2022936332
020 ## - NÚMERO INTERNACIONAL ESTÁNDAR DEL LIBRO
Número Internacional Estándar del Libro 9781529781212
Información calificativa (paperback)
040 ## - FUENTE DE LA CATALOGACIÓN
Centro catalogador/agencia de origen DLC
Lengua de catalogación eng
Normas de descripción rda
Centro/agencia transcriptor DLC
042 ## - CÓDIGO DE AUTENTICACIÓN
Código de autenticación pcc
050 00 - SIGNATURA TOPOGRÁFICA DE LA BIBLIOTECA DEL CONGRESO
Número de clasificación HF5415.123
Número de documento/Ítem .E4 2023
082 00 - NÚMERO DE LA CLASIFICACIÓN DECIMAL DEWEY
Número de clasificación 658.8/02
Número de edición 23
100 ## - ENTRADA PRINCIPAL--NOMBRE DE PERSONA
Nombre de persona Egan, John
Fechas asociadas al nombre 1952-
Término indicativo de función/relación author.
245 10 - MENCIÓN DE TÍTULO
Título Marketing communications
Mención de responsabilidad, etc. / John Egan.
250 ## - MENCIÓN DE EDICIÓN
Mención de edición Fourth edition.
264 #1 - PRODUCCIÓN, PUBLICACIÓN, DISTRIBUCIÓN, FABRICACIÓN Y COPYRIGHT
Producción, publicación, distribución, fabricación y copyright Los Angeles :
Nombre del de productor, editor, distribuidor, fabricante SAGE,
Fecha de producción, publicación, distribución, fabricación o copyright [2023]
300 ## - DESCRIPCIÓN FÍSICA
Extensión 415 pages :
Otras características físicas illustrations ;
Dimensiones 26 cm
504 ## - NOTA DE BIBLIOGRAFÍA, ETC.
Nota de bibliografía, etc. Includes bibliographical references and index.
505 ## - NOTA DE CONTENIDO CON FORMATO
Nota de contenido con formato Marketing Communications: Past and Present —<br/>Marketing Communications Theory —<br/>Buying Behaviour —<br/>Brand Communications —<br/>Marketing Communications Strategy and Planning —<br/>Understanding Marketing Research —<br/>Campaign Tactics and Management —<br/>Campaign Media and Media Planning —<br/>Advertising —<br/>The Internet and the Growth of Digital Marketing —<br/>Social Media —<br/>Sales Promotion —<br/>Public Relations and Corporate Communications —<br/>Sponsorship & Product Placement —<br/>Personal Selling, Point of Sale, Supportive Communications and Direct Marketing —<br/>Employer/Employee Branding and Internal Communications —<br/>Marketing Channels and Business-to-Business Communications —<br/>Global Marketing Communications —<br/>Ethical Marketing and the Regulatory Environment —<br/>The Communications Industry
520 ## - SUMARIO, ETC.
Sumario, etc. Marketing Communications is a highly popular textbook which introduces students to the different marketing communications tools, theories and strategies in an easy-to-read way.<br/><br/>This fourth edition:<br/><br/>Includes updates on how the Covid-19 pandemic has affected the marketing/advertising industries — <br/>Features new case studies from companies and brands such as Amazon, Burger King, Facebook and John Lewis — <br/>Covers timely topics such as online retailers, social media networks (e.g. TikTok), social media influencers and marketing ethics — <br/>This textbook is essential reading for students studying marketing communications or a related topic.<br/><br/>John Egan is Professor of Marketing at Regent’s University, London.
650 #0 - PUNTO DE ACCESO ADICIONAL DE MATERIA--TÉRMINO DE MATERIA
Término de materia o nombre geográfico como elemento de entrada Communication in marketing
9 (RLIN) 2094
650 #0 - PUNTO DE ACCESO ADICIONAL DE MATERIA--TÉRMINO DE MATERIA
Término de materia o nombre geográfico como elemento de entrada Global Marketing strategy
9 (RLIN) 503
650 #0 - PUNTO DE ACCESO ADICIONAL DE MATERIA--TÉRMINO DE MATERIA
Término de materia o nombre geográfico como elemento de entrada Advertising
9 (RLIN) 2839
942 ## - ELEMENTOS DE ENTRADA AGREGADA (KOHA)
Fuente del sistema de clasificación o colocación Clasificación de Library of Congress
Holdings
Estado de retiro Estado de pérdida Fuente del sistema de clasificación o colocación Estado dañado No para préstamo Biblioteca de origen Biblioteca actual Fecha de adquisición Total de préstamos Signatura topográfica completa Código de barras Fecha visto por última vez Número de copia Precio válido a partir de Tipo de ítem Koha
    Clasificación de Library of Congress     TBS Barcelona TBS Barcelona 25/03/2025   HF5415.123 EGA B05911 25/03/2025 1 25/03/2025 Book

Powered by Koha